Statistics for Every Marvin Gaye song that hit the Billboard hot 100

Click here to take the quiz!

General Stats

  • This quiz has been taken 11 times
  • The average score is 13 of 56

Answer Stats

Peak Chart PositionYearSong% Correct
31983Sexual Healing
100%
11973Let's Get It On
91%
21971What's Going On
82%
11968I Heard It Through The Grapevine
73%
191967Ain't No Mountain High Enough
55%
11977Got To Give It Up (Pt. I)
55%
41971Mercy, Mercy Me (The Ecology)
55%
341968You
45%
61965How Sweet It Is To Be Loved By You
36%
101963Pride And Joy
36%
41969Too Busy Thinking About My Baby
36%
151976I Want You
36%
71968You're All I Need To Get By
36%
81965Ain't That Peculiar
27%
91971Inner City Blues (Make Me Wanna Holler)
27%
461966Stubborn Kind Of Fellow
27%
141967It Takes Two
27%
81965I'll Be Doggone
27%
51967Your Precious Love
27%
81968Ain't Nothing Like The Real Thing
18%
71969That's The Way Love Is
18%
221963Can I Get A Witness
18%
301963Hitch Hike
18%
151964You're A Wonderful One
18%
681968If This World Were Mine
18%
331967Your Unchanging Love
18%
101968If I Could Build My Whole World Around You
18%
71973Trouble Man
18%
501970The Onion Song/California Soul
18%
461974Don't Knock My Love
9%
471962Little Darling, I Need You
9%
441966Take This Heart Of Mine
9%
591979Pops, We Love You (A Tribute To Father)
9%
491969What You Gave Me
9%
501974You Sure Love To Ball
9%
501972You're The Man (Part 1)
9%
671970Gonna Give Her All The Love I've Got
9%
411970How Can I Forget/Gonna Give Her All The Love I've Got
9%
741976After The Dance
9%
611964What Good Am I Without You
9%
222001Music
9%
401970The End Of Our Road
9%
321968Chained
9%
291966One More Heartache
9%
271964Baby Don't You Do It
9%
251965Pretty Little Baby
9%
211973Come Get To This
9%
191964Once Upon A Time
9%
191974My Mistake (Was To Love You)
9%
151964Try It Baby
9%
121973You're A Special Part Of Me
9%
771963I'm Crazy 'Bout My Baby
9%
301969Good Lovin' Ain't Easy To Come By
0%
281974Distant Lover
0%
241968Keep On Lovin' Me Honey
0%
171964What's The Matter With You Baby
0%

Score Distribution

Percentile by Number Answered

Percent of People with Each Score

Your Score History

You have not taken this quiz